[Event "4NCL/Div4a/GUI4 vs. CHED"]
[Site "Telford ENG"]
[Date "2005.02.26"]
[Round "5.6"]
[White "Yu, Yangshan"]
[Black "Bryant, Richard"]
[Result "1-0"]
[WhiteElo "1795"]
[BlackElo "1933"]
[PlyCount "83"]
[EventDate "2005.02.26"]
[SourceDate "2004.09.21"]

1. d4 d5 2. Nf3 c6 3. Bf4 Qb6 4. b3 Nf6 5. Nbd2 Na6 6. e3 Bf5 7. a3 h6 8. h3 e6
9. Be2 Be7 10. O-O O-O 11. Nh2 c5 12. Be5 Nd7 13. dxc5 Naxc5 14. Bb2 Rac8 15.
Bg4 Bh7 16. Rc1 Rfd8 17. Bf3 f5 18. Kh1 Nf6 19. Qe1 Qc7 20. Be2 Qb8 21. f4 Ncd7
22. Nhf3 Re8 23. Qg3 Qd6 24. Ne5 Nf8 25. Rg1 a6 26. Qh2 Bd8 27. Bd3 Bb6 28. Qg3
Qe7 29. Qf2 Ne4 30. Nxe4 fxe4 31. Be2 Nd7 32. Bh5 Rf8 33. Qg3 Nxe5 34. Bxe5 Rc6
35. a4 Rfc8 36. c3 Ba5 37. Qe1 Kh8 38. g4 Bd8 39. g5 Bf5 40. gxh6 Qh4 41. hxg7+
Kg8 42. Bf7+ 1-0

[Event "4NCL/Div4a/HKF3 vs. SLOS2"]
[Site "Telford ENG"]
[Date "2005.02.26"]
[Round "5.1"]
[White "Keevil, Paul"]
[Black "Rudolf, Anna"]
[Result "0-1"]
[WhiteElo "1990"]
[BlackElo "2207"]
[PlyCount "74"]
[EventDate "2005.02.26"]
[SourceDate "2004.09.21"]

1. d4 e6 2. c4 b6 3. e4 Bb7 4. d5 Bc5 5. Nf3 Ne7 6. Nc3 O-O 7. a3 a5 8. Be2 f5
9. exf5 exd5 10. cxd5 Nxf5 11. Bg5 Qe8 12. O-O Na6 13. Bc4 Qh5 14. Ne4 Bd6 15.
Nxd6 Nxd6 16. Ba2 Rxf3 17. Qxf3 Qxg5 18. Rfe1 Rf8 19. Qg3 Qd2 20. Re7 Nf5 21.
d6+ Kh8 22. Qc3 Qxc3 23. bxc3 Nxe7 24. dxe7 Re8 25. Re1 d5 26. c4 d4 27. c5 d3
28. Re5 d2 29. Bb3 g6 30. Kf1 Nxc5 31. Bc2 Ba6+ 32. Kg1 Kg7 33. f4 Kf6 34. g4
Rxe7 35. g5+ Kf7 36. Rxe7+ Kxe7 37. Bd1 Nd3 0-1

[Event "4NCL/Div4a/HKF3 vs. SLOS2"]
[Site "Telford ENG"]
[Date "2005.02.26"]
[Round "5.2"]
[White "Williams, Samuel G"]
[Black "Spearman, David"]
[Result "1-0"]
[WhiteElo "2207"]
[BlackElo "2030"]
[PlyCount "69"]
[EventDate "2005.02.26"]
[SourceDate "2004.09.21"]

1. d4 Nf6 2. Bg5 g6 3. Bxf6 exf6 4. g3 Bg7 5. Bg2 f5 6. e3 O-O 7. Ne2 d6 8. c4
c5 9. Nbc3 Qa5 10. O-O Nc6 11. Qd2 cxd4 12. exd4 Qb4 13. b3 Rb8 14. Rad1 a6 15.
Qb2 Qa5 16. Nd5 Qd8 17. b4 Ne7 18. Ne3 Bd7 19. Qd2 Re8 20. Rfe1 Bh6 21. Nc3 b6
22. Qd3 Bg7 23. a4 Qc8 24. b5 g5 25. bxa6 Qxa6 26. Nb5 Bxb5 27. axb5 Qc8 28.
Nd5 Nxd5 29. Bxd5 Rxe1+ 30. Rxe1 Qd8 31. Qxf5 Qf6 32. Qd7 Rf8 33. Re3 Qg6 34.
Be4 Qe6 35. Bxh7+ 1-0

[Event "4NCL/Div4a/HKF3 vs. SLOS2"]
[Site "Telford ENG"]
[Date "2005.02.26"]
[Round "5.3"]
[White "Parmar, Amisha"]
[Black "Varnam, Liam D"]
[Result "0-1"]
[WhiteElo "1890"]
[BlackElo "2085"]
[PlyCount "120"]
[EventDate "2005.02.26"]
[SourceDate "2004.09.21"]

1. e4 e5 2. Nf3 Nc6 3. d4 exd4 4. Nxd4 Nf6 5. Nc3 Bb4 6. Nxc6 bxc6 7. Bd3 d5 8.
exd5 cxd5 9. O-O O-O 10. Bg5 c6 11. Qf3 Be7 12. h3 Be6 13. Ne2 h6 14. Bh4 g5
15. Bg3 c5 16. Bf5 Qd7 17. Bxe6 Qxe6 18. Qd3 Ne4 19. Nc3 Nxc3 20. Qxc3 f5 21.
f4 d4 22. Qd3 Qd5 23. c3 c4 24. Qe2 Bf6 25. cxd4 Qxd4+ 26. Kh1 Rae8 27. Qh5
Qxb2 28. Rab1 Qa3 29. Qg6+ Bg7 30. fxg5 hxg5 31. Rb7 Qc3 32. Bd6 Qf6 33. Bxf8
Qxg6 34. Rxg7+ Qxg7 35. Bxg7 Kxg7 36. Rxf5 Rc8 37. Rf2 c3 38. Rc2 Kf6 39. Kg1
Ke5 40. Kf2 Kd4 41. Ke2 Rb8 42. Kd1 Kd3 43. Kc1 Rf8 44. Kb1 Rf1+ 45. Rc1 Rf2
46. Rg1 Rb2+ 47. Ka1 Rb7 48. g4 c2 49. Rg3+ Ke4 50. Rg1 Kf3 51. Rc1 Rb1+ 52.
Rxb1 cxb1=Q+ 53. Kxb1 Kg3 54. Kc2 Kxh3 55. Kd2 Kxg4 56. Ke2 Kh3 57. Kf2 g4 58.
Kg1 Kg3 59. a3 a6 60. a4 a5 0-1

[Event "4NCL/Div4a/HKF3 vs. SLOS2"]
[Site "Telford ENG"]
[Date "2005.02.26"]
[Round "5.4"]
[White "Armstrong, Malcolm"]
[Black "Foord, Dominic"]
[Result "1-0"]
[WhiteElo "2129"]
[BlackElo "1805"]
[PlyCount "37"]
[EventDate "2005.02.26"]
[SourceDate "2004.09.21"]

1. d4 f5 2. Qd3 d5 3. g3 e6 4. Bg2 Nf6 5. Nh3 Bd6 6. O-O c6 7. Bf4 O-O 8. Nd2
Bxf4 9. Nxf4 g5 10. Nh3 Ne4 11. Nb3 h6 12. f3 Nd6 13. Nd2 Nd7 14. c4 Nf6 15.
Nf2 Nh5 16. e4 f4 17. e5 Nf7 18. Qg6+ Ng7 19. Ng4 1-0

[Event "4NCL/Div4a/HKF3 vs. SLOS2"]
[Site "Telford ENG"]
[Date "2005.02.26"]
[Round "5.5"]
[White "Dines, Sheila"]
[Black "de Coverly, Roger"]
[Result "0-1"]
[WhiteElo "1760"]
[BlackElo "2093"]
[PlyCount "150"]
[EventDate "2005.02.26"]
[SourceDate "2004.09.21"]

1. e4 e5 2. Nf3 Nc6 3. d4 exd4 4. Nxd4 Nf6 5. Nxc6 bxc6 6. Bd3 Bb4+ 7. Bd2
Bxd2+ 8. Nxd2 d6 9. O-O O-O 10. h3 Rb8 11. b3 Re8 12. Re1 Bb7 13. Nc4 c5 14.
Na5 Ba8 15. f3 Nh5 16. Qd2 Qf6 17. Nc4 Nf4 18. Ne3 Qg5 19. Kh2 Ne6 20. Nc4 Qxd2
21. Nxd2 Bc6 22. c3 Re7 23. Rad1 Rbe8 24. Nc4 Nf4 25. Na5 Bd7 26. Bc4 g6 27. g3
Nxh3 28. Bd5 Ng5 29. Re3 h5 30. Nc6 Bxc6 31. Bxc6 Rb8 32. f4 Nh7 33. Rde1 Nf6
34. R3e2 Ng4+ 35. Kg2 Kg7 36. Rd2 Rb6 37. Ba4 f6 38. Kf3 Rb8 39. Bc6 Rf8 40.
Bb5 g5 41. Rh1 Rh8 42. Rdd1 f5 43. Bd3 Nf6 44. exf5 g4+ 45. Kf2 d5 46. Rde1
Rhe8 47. Bb5 Rxe1 48. Rxe1 Rxe1 49. Kxe1 Ne4 50. Bc6 Nxg3 51. Bxd5 Nxf5 52. Kf2
g3+ 53. Kf3 h4 54. Kg4 Ne3+ 55. Kxh4 Nxd5 56. Kxg3 Nxc3 57. a4 c4 58. bxc4 Nxa4
59. Kf3 c5 60. Ke3 Nb6 61. Ke4 Kf6 62. f5 a5 63. Kd3 Kxf5 64. Kc3 Ke5 65. Kb3
Kd4 66. Ka3 Kxc4 67. Kb2 Kd3 68. Kc1 Kc3 69. Kb1 Kd2 70. Kb2 c4 71. Kb1 c3 72.
Ka2 c2 73. Kb2 c1=Q+ 74. Kb3 Qc2+ 75. Ka3 Nc4# 0-1

[Event "4NCL/Div4a/HKF3 vs. SLOS2"]
[Site "Telford ENG"]
[Date "2005.02.26"]
[Round "5.6"]
[White "Nicholas, Koichi"]
[Black "Parmar, Jyoti"]
[Result "1-0"]
[WhiteElo "2087"]
[BlackElo "1565"]
[PlyCount "45"]
[EventDate "2005.02.26"]
[SourceDate "2004.09.21"]

1. e4 c5 2. Nf3 d6 3. d4 cxd4 4. Nxd4 Nf6 5. Nc3 g6 6. Be3 Bg7 7. f3 O-O 8. Qd2
Nc6 9. Bc4 Bd7 10. O-O-O Qa5 11. g4 Rfc8 12. Bb3 Ne5 13. h4 Nc4 14. Bxc4 Rxc4
15. h5 Rac8 16. hxg6 fxg6 17. Nb3 Qa6 18. e5 Ba4 19. exf6 Bxb3 20. Qd5+ Kf8 21.
fxg7+ Kxg7 22. Rxh7+ Kxh7 23. Qf7+ 1-0

[Event "4NCL/Div4a/SXM vs. AD3"]
[Site "Telford ENG"]
[Date "2005.02.26"]
[Round "5.1"]
[White "Prescott, Adam"]
[Black "Pready, Alex D"]
[Result "1-0"]
[WhiteElo "1935"]
[BlackElo "1890"]
[PlyCount "111"]
[EventDate "2005.02.26"]
[SourceDate "2004.09.21"]

1. e4 c5 2. Nc3 Nc6 3. g3 g6 4. Bg2 Bg7 5. d3 d6 6. Be3 Nf6 7. h3 Bd7 8. Qd2
Qb6 9. Rb1 Qc7 10. f4 a6 11. Nf3 h6 12. O-O Qc8 13. Kh2 Qc7 14. e5 dxe5 15.
fxe5 Nh5 16. Nd5 Qd8 17. Nf4 Nxf4 18. gxf4 b6 19. c3 Qc8 20. d4 Bf5 21. Rbc1 c4
22. d5 Nd8 23. Nd4 Rb8 24. d6 exd6 25. Nxf5 gxf5 26. Qxd6 Bf8 27. Qd5 Rg8 28.
Rcd1 Qe6 29. Rd2 Be7 30. Rfd1 Qxd5 31. Rxd5 Ne6 32. Bf1 Bh4 33. Bxc4 Bg3+ 34.
Kh1 b5 35. Bb3 Nxf4 36. Bxf4 Bxf4 37. Rd7 Rg3 38. Rxf7 Rxh3+ 39. Kg2 Rg3+ 40.
Kf2 Rd8 41. Rxd8+ Kxd8 42. Rxf5 Bxe5 43. Rxe5 Rg6 44. Re6 Rxe6 45. Bxe6 Ke7 46.
Bc8 a5 47. a3 Kd6 48. Ke3 Kc5 49. Kd3 Kd5 50. b3 h5 51. c4+ bxc4+ 52. bxc4+ Kc5
53. Kc3 h4 54. Bh3 Kc6 55. Kd4 Kd6 56. c5+ 1-0

[Event "4NCL/Div4a/SXM vs. AD3"]
[Site "Telford ENG"]
[Date "2005.02.26"]
[Round "5.2"]
[White "Graham, Louis"]
[Black "Fraser, Joe"]
[Result "0-1"]
[WhiteElo "1920"]
[BlackElo "1908"]
[PlyCount "78"]
[EventDate "2005.02.26"]
[SourceDate "2004.09.21"]

1. d4 Nf6 2. Nf3 g6 3. Nc3 d5 4. Bf4 Bg7 5. e3 c5 6. Be2 O-O 7. Ne5 Nbd7 8. O-O
cxd4 9. Qxd4 Nb6 10. Rad1 Bf5 11. Rd2 Rc8 12. Qb4 Ne4 13. Nxe4 Bxe4 14. c3 f6
15. Nf3 e5 16. Bg3 Qe8 17. Rc1 Qf7 18. Ne1 Bh6 19. Rdd1 Rfd8 20. Bd3 Bxd3 21.
Nxd3 Nc4 22. Re1 e4 23. Nc5 Bf8 24. Qxb7 Bxc5 25. Qxf7+ Kxf7 26. Rc2 Bd6 27.
Bxd6 Rxd6 28. Rd1 Ne5 29. Rd4 Nd3 30. Ra4 Rc7 31. Kf1 Rb6 32. b3 Rbc6 33. c4
dxc4 34. Raxc4 Rxc4 35. Rxc4 Rxc4 36. bxc4 Ke6 37. Ke2 Kd6 38. f3 f5 39. Kd2
Kc5 0-1

[Event "4NCL/Div4a/SXM vs. AD3"]
[Site "Telford ENG"]
[Date "2005.02.26"]
[Round "5.3"]
[White "Barraclough, David"]
[Black "Jones, Simon A"]
[Result "1-0"]
[WhiteElo "1945"]
[BlackElo "1725"]
[PlyCount "69"]
[EventDate "2005.02.26"]
[SourceDate "2004.09.21"]

1. e4 e5 2. f4 Nc6 3. Nf3 d6 4. Bb5 Bd7 5. O-O Nf6 6. Nc3 Be7 7. d3 O-O 8. h3
Nd4 9. Bxd7 Nxf3+ 10. Qxf3 Qxd7 11. Be3 Rad8 12. f5 c5 13. g4 d5 14. Bf2 d4 15.
Ne2 h6 16. Bg3 Qd6 17. Bh4 Nh7 18. Bxe7 Qxe7 19. Qg3 Qg5 20. Rf2 Rfe8 21. h4
Qe7 22. Raf1 Rd6 23. Qh3 Kh8 24. Ng3 b5 25. f6 Rxf6 26. Nf5 Qd7 27. g5 Rg6 28.
Kh1 hxg5 29. hxg5 Kg8 30. Rh2 Rh6 31. Nxh6+ gxh6 32. Qxd7 Re6 33. Rxf7 hxg5 34.
Rg7+ Kf8 35. Rf2+ 1-0

[Event "4NCL/Div4a/SXM vs. AD3"]
[Site "Telford ENG"]
[Date "2005.02.26"]
[Round "5.4"]
[White "McIntosh, Doreen"]
[Black "Tucker, Andrew"]
[Result "0-1"]
[WhiteElo "1690"]
[BlackElo "1903"]
[PlyCount "88"]
[EventDate "2005.02.26"]
[SourceDate "2004.09.21"]

1. d4 Nf6 2. Nf3 g6 3. e3 Bg7 4. Bd3 d5 5. O-O O-O 6. b3 c5 7. Bb2 cxd4 8. exd4
Nc6 9. a3 Ne4 10. Nbd2 Bf5 11. Re1 Nd6 12. Be2 Rc8 13. Rc1 Qb6 14. Nf1 h5 15.
Ng3 Rfd8 16. Nxf5 Nxf5 17. c3 Na5 18. b4 Nc4 19. Qb3 e6 20. Bxc4 Rxc4 21. Ne5
Bxe5 22. Rxe5 Rdc8 23. h3 Nxd4 24. Qd1 Qc7 25. cxd4 Rxc1 26. Bxc1 Qxc1 27. Re1
Qxa3 28. Qb1 Rc4 29. b5 Rxd4 30. Qc2 Rc4 31. Qe2 Rc1 32. Rxc1 Qxc1+ 33. Kh2 Qc4
34. Qb2 d4 35. b6 a6 36. Qa3 Qc6 37. Qb4 d3 38. Qe7 Qxb6 39. Qd7 Qb5 40. Qd8+
Kg7 41. Qd4+ e5 42. Qe3 Qd5 43. Qd2 Qe4 44. f4 Qxf4+ 0-1

[Event "4NCL/Div4a/SXM vs. AD3"]
[Site "Telford ENG"]
[Date "2005.02.26"]
[Round "5.5"]
[White "Richardson, Joe"]
[Black "Moore, Kevin J"]
[Result "1-0"]
[WhiteElo "1890"]
[BlackElo "1655"]
[PlyCount "65"]
[EventDate "2005.02.26"]
[SourceDate "2004.09.21"]

1. e4 d5 2. exd5 Qxd5 3. Nc3 Qa5 4. d4 Bf5 5. Nf3 e6 6. Bd2 Bb4 7. a3 Bxc3 8.
Bxc3 Qb6 9. Qd2 Qd6 10. Nh4 Be4 11. Qg5 Bg6 12. O-O-O c6 13. Nxg6 hxg6 14. Bd3
Rh5 15. Qe3 Nf6 16. Bb4 Qc7 17. Bxg6 fxg6 18. Qxe6+ Kd8 19. Rhe1 Nbd7 20. Be7+
Kc8 21. Bxf6 gxf6 22. Qg8+ Qd8 23. Re8 Kc7 24. Rxd8 Rxd8 25. Qxg6 Rg5 26. Qf7
Rxg2 27. d5 cxd5 28. Qxd5 Rxf2 29. Qd6+ Kc8 30. Rd3 b6 31. Rc3+ Nc5 32. Rxc5+
bxc5 33. Qxc5+ 1-0

[Event "4NCL/Div4a/SXM vs. AD3"]
[Site "Telford ENG"]
[Date "2005.02.26"]
[Round "5.6"]
[White "Gavin, Peter"]
[Black "Guiney, James"]
[Result "0-1"]
[WhiteElo "1630"]
[BlackElo "1840"]
[PlyCount "42"]
[EventDate "2005.02.26"]
[SourceDate "2004.09.21"]

1. d4 d5 2. Nf3 Nf6 3. c3 c6 4. e3 Bf5 5. Bd3 Bxd3 6. Qxd3 e6 7. O-O Bd6 8. h3
Nbd7 9. Nbd2 Qc7 10. e4 dxe4 11. Nxe4 Nxe4 12. Qxe4 Nf6 13. Qd3 O-O-O 14. b4 h6
15. a4 g5 16. Bxg5 hxg5 17. Nxg5 Rdg8 18. Qf3 Qe7 19. Ne4 Nxe4 20. Qxe4 Rxh3
21. f4 Qh4 0-1

[Event "4NCL/Div4a/RICB vs. SXM"]
[Site "Telford ENG"]
[Date "2005.02.27"]
[Round "6.1"]
[White "O'Toole, George"]
[Black "Prescott, Adam"]
[Result "1-0"]
[WhiteElo "1896"]
[BlackElo "1935"]
[PlyCount "195"]
[EventDate "2005.02.27"]
[SourceDate "2004.09.21"]

1. e4 d6 2. d4 Nf6 3. Nc3 g6 4. Be3 c6 5. Qd2 b5 6. Bd3 Nbd7 7. f3 Bb7 8. Nge2
a6 9. O-O Qc7 10. Ng3 e6 11. Bh6 Qb6 12. Nce2 c5 13. c3 Be7 14. Kh1 Rg8 15. Be3
Qc7 16. a3 h5 17. Rfd1 Rh8 18. b4 c4 19. Bc2 Kf8 20. Ng1 Kg7 21. Nh3 Nf8 22.
Nf2 N8d7 23. f4 Bc6 24. Bb1 Qb7 25. Qc2 h4 26. Ne2 Nh5 27. Kg1 Ndf6 28. f5 e5
29. fxg6 fxg6 30. d5 Be8 31. Kh1 Qd7 32. Ng1 Ng4 33. Qe2 Nxf2+ 34. Bxf2 Nf4 35.
Qd2 g5 36. Be3 Bh5 37. Rf1 Raf8 38. Bc2 Bf6 39. Bxf4 gxf4 40. Bd1 Bg6 41. h3
Bh5 42. Nf3 Bg6 43. Bc2 Qb7 44. Qf2 Ra8 45. a4 Qe7 46. Ra2 bxa4 47. Rxa4 Be8
48. Ra5 Qa7 49. Qxa7+ Rxa7 50. Rfa1 Bb5 51. Ba4 Rb7 52. Bxb5 axb5 53. Ra7 Rhb8
54. Rxb7+ Rxb7 55. Ra6 Be7 56. Nd2 Kf7 57. Kg1 Ke8 58. Kf2 Kd7 59. Nb1 Bd8 60.
Kf3 Bb6 61. Na3 Be3 62. Ra5 Bb6 63. Rxb5 Ra7 64. Nxc4 Bc7 65. Na5 Bxa5 66. Rxa5
Rc7 67. Ra3 Rc4 68. Rb3 Kc7 69. Kg4 Rxe4 70. Rb2 Kb6 71. Kxh4 Kb5 72. Kg5 Kc4
73. b5 Kxc3 74. Rb1 Kc2 75. Ra1 Rb4 76. Ra5 Kd3 77. h4 e4 78. Kxf4 e3+ 79. Kf3
Rb3 80. Ra2 Rxb5 81. Ra3+ Kd4 82. Rxe3 Rxd5 83. Re4+ Kd3 84. g4 Re5 85. Ra4 d5
86. h5 Re4 87. Ra3+ Kd4 88. h6 Re1 89. g5 Rf1+ 90. Kg2 Rf5 91. h7 Rxg5+ 92. Kh2
Rh5+ 93. Rh3 Rxh7 94. Rxh7 Kd3 95. Kg2 d4 96. Kf2 Kd2 97. Rd7 d3 98. Kf3 1-0

[Event "4NCL/Div4a/RICB vs. SXM"]
[Site "Telford ENG"]
[Date "2005.02.27"]
[Round "6.2"]
[White "Fraser, Joe"]
[Black "Kenyon, Scott"]
[Result "1-0"]
[WhiteElo "1908"]
[BlackElo "1875"]
[PlyCount "77"]
[EventDate "2005.02.27"]
[SourceDate "2004.09.21"]

1. e4 e6 2. d4 d5 3. Nc3 Bb4 4. e5 c5 5. a3 Ba5 6. b4 cxd4 7. Qg4 Kf8 8. Nb5
Bc7 9. f4 Nh6 10. Qd1 Nf5 11. Nf3 Bb6 12. Bb2 a6 13. Nbxd4 Ne3 14. Qd3 Nxf1 15.
Rxf1 Nc6 16. O-O-O g6 17. Kb1 Bd7 18. g4 Nxd4 19. Nxd4 Rc8 20. f5 Bxd4 21. Bxd4
Bb5 22. Qh3 Bxf1 23. Rxf1 Ke8 24. fxg6 fxg6 25. Rf6 Ke7 26. Qh4 Kd7 27. Bc5
Rxc5 28. bxc5 Qa5 29. Rf7+ Kc6 30. Qe7 Qe1+ 31. Ka2 Qxe5 32. Qxb7+ Kxc5 33.
Qa7+ Kb5 34. Rb7+ Kc4 35. Rc7+ Qxc7 36. Qxc7+ Kb5 37. Qb7+ Kc5 38. Qb4+ Kc6 39.
Qc3+ 1-0

[Event "4NCL/Div4a/RICB vs. SXM"]
[Site "Telford ENG"]
[Date "2005.02.27"]
[Round "6.3"]
[White "Zhou, Yang-Fan"]
[Black "Barraclough, David"]
[Result "1-0"]
[WhiteElo "1880"]
[BlackElo "1945"]
[PlyCount "61"]
[EventDate "2005.02.27"]
[SourceDate "2004.09.21"]

1. e4 d6 2. d4 Nf6 3. Nc3 g6 4. f4 Bg7 5. Nf3 O-O 6. Be3 c5 7. dxc5 Qa5 8. Bd3
Ng4 9. Bd2 Qxc5 10. Qe2 Nd7 11. h3 Ngf6 12. O-O-O a6 13. g4 b5 14. Be3 Qc7 15.
g5 Nh5 16. Nd5 Qa5 17. Nxe7+ Kh8 18. Kb1 Ng3 19. Qf2 Nxh1 20. Rxh1 Qb4 21. Bd4
Bb7 22. Bxg7+ Kxg7 23. f5 Nc5 24. a3 Nxe4 25. f6+ Kh8 26. Qe3 Qc5 27. Qf4 Nf2
28. Bxg6 fxg6 29. f7 Ne4 30. Re1 Nd2+ 31. Nxd2 1-0

[Event "4NCL/Div4a/RICB vs. SXM"]
[Site "Telford ENG"]
[Date "2005.02.27"]
[Round "6.4"]
[White "Tucker, Andrew"]
[Black "O'Toole, Alex P"]
[Result "1-0"]
[WhiteElo "1903"]
[BlackElo "1795"]
[PlyCount "61"]
[EventDate "2005.02.27"]
[SourceDate "2004.09.21"]

1. e4 e5 2. Nc3 Nf6 3. g3 Nc6 4. Bg2 Bc5 5. Nge2 d6 6. Na4 b6 7. Nxc5 bxc5 8.
d3 h6 9. h3 O-O 10. O-O Be6 11. Be3 Qd7 12. Kh2 Rab8 13. b3 Ra8 14. f4 Qe7 15.
f5 Bd7 16. g4 Nh7 17. Qd2 Qf6 18. Nc3 Ne7 19. Kg3 c6 20. h4 g5 21. hxg5 Nxg5
22. Rh1 d5 23. Rh5 Rfc8 24. Rah1 d4 25. Bxg5 hxg5 26. Qxg5+ Qxg5 27. Rxg5+ Ng6
28. Nb1 Kg7 29. fxg6 fxg6 30. Rxe5 Rab8 31. Re7+ 1-0

[Event "4NCL/Div4a/RICB vs. SXM"]
[Site "Telford ENG"]
[Date "2005.02.27"]
[Round "6.5"]
[White "Kamara, Khalid"]
[Black "Richardson, Joe"]
[Result "0-1"]
[WhiteElo "1685"]
[BlackElo "1890"]
[PlyCount "70"]
[EventDate "2005.02.27"]
[SourceDate "2004.09.21"]

1. e4 e5 2. Nf3 Nc6 3. Bb5 a6 4. Ba4 Bc5 5. O-O d6 6. h3 Nf6 7. Re1 Bd7 8. c3
b5 9. Bc2 h6 10. d4 Ba7 11. a4 g5 12. g4 h5 13. Nxg5 hxg4 14. Bb3 Rf8 15. Bxf7+
Rxf7 16. Nxf7 Kxf7 17. Bg5 Qg8 18. h4 exd4 19. Bxf6 Kxf6 20. Qd2 dxc3 21. Nxc3
Qg6 22. Qg5+ Qxg5 23. hxg5+ Kxg5 24. Kg2 Rf8 25. Rf1 bxa4 26. Rxa4 a5 27. Nd5
Bb6 28. Rc4 Ne5 29. Rc3 Bb5 30. Rfc1 Rxf2+ 31. Kg3 Rxb2 32. Nxb6 cxb6 33. Rc7
Rb3+ 34. Kg2 Bd3 35. Kh2 Kf4 0-1

[Event "4NCL/Div4a/RICB vs. SXM"]
[Site "Telford ENG"]
[Date "2005.02.27"]
[Round "6.6"]
[White "Guiney, James"]
[Black "Glover, Robert E"]
[Result "1/2-1/2"]
[WhiteElo "1840"]
[BlackElo "1755"]
[PlyCount "62"]
[EventDate "2005.02.27"]
[SourceDate "2004.09.21"]

1. e4 e6 2. d4 d5 3. exd5 exd5 4. Bd3 c5 5. dxc5 Bxc5 6. Nf3 Nf6 7. O-O O-O 8.
h3 Be6 9. Bg5 Nbd7 10. c3 Qc7 11. Qc2 Bxh3 12. Bh4 Qf4 13. Qd2 Qg4 14. Qg5 Ne4
15. Qxg4 Bxg4 16. Nd4 g5 17. Bxe4 dxe4 18. Bxg5 Kh8 19. Bf4 Rg8 20. Kh2 Rg6 21.
Nd2 Nf6 22. f3 exf3 23. gxf3 Bh5 24. Rg1 Nd5 25. Rxg6 hxg6 26. Bg3 Re8 27. Re1
Rxe1 28. Bxe1 g5 29. N2b3 Bd6+ 30. Bg3 Bxg3+ 31. Kxg3 Bg6 1/2-1/2

[Event "4NCL/Div4a/AD3 vs. HKF3"]
[Site "Telford ENG"]
[Date "2005.02.27"]
[Round "6.1"]
[White "Beasley, Stephen"]
[Black "Giles, Benjamin"]
[Result "0-1"]
[WhiteElo "1830"]
[BlackElo "2074"]
[PlyCount "64"]
[EventDate "2005.02.27"]
[SourceDate "2004.09.21"]

1. e4 d5 2. exd5 Nf6 3. Nf3 Nxd5 4. d4 g6 5. Bd3 Bg7 6. O-O O-O 7. c3 Nc6 8. h3
e5 9. dxe5 Nxe5 10. Nxe5 Bxe5 11. Bh6 Re8 12. Nd2 Nxc3 13. Qc2 Nd5 14. Nf3 Nb4
15. Qa4 Nxd3 16. Rad1 Bf5 17. Qb3 Qe7 18. Nxe5 Nxe5 19. Rfe1 Qh4 20. Bc1 b6 21.
Qc3 Nd3 22. Rxe8+ Rxe8 23. Be3 c5 24. Rxd3 Bxd3 25. Qxd3 Qe4 26. Qc3 Qe5 27.
Qd2 Re6 28. Kf1 Rd6 29. Qc1 Qd5 30. b3 Qd1+ 31. Qxd1 Rxd1+ 32. Ke2 Ra1 0-1

[Event "4NCL/Div4a/AD3 vs. HKF3"]
[Site "Telford ENG"]
[Date "2005.02.27"]
[Round "6.2"]
[White "Spearman, David"]
[Black "Cooksey, Shane"]
[Result "1-0"]
[WhiteElo "2030"]
[BlackElo "1720"]
[PlyCount "55"]
[EventDate "2005.02.27"]
[SourceDate "2004.09.21"]

1. d4 d5 2. Nf3 Nf6 3. Bg5 h6 4. Bh4 Bf5 5. e3 Nbd7 6. Nbd2 e6 7. Be2 Be7 8.
O-O Bd6 9. c4 g5 10. Bg3 Bxg3 11. hxg3 c6 12. b4 Qc7 13. Qb3 Be4 14. Rfc1 a6
15. a4 O-O 16. Qc3 Bxf3 17. gxf3 Nh5 18. Kg2 f5 19. Rh1 Ndf6 20. Rh3 g4 21. Rh4
Qf7 22. Rah1 Kg7 23. Qc1 dxc4 24. Nxc4 Qg6 25. Ne5 gxf3+ 26. Bxf3 Qg5 27. Bxh5
Nxh5 28. Rxh5 1-0

[Event "4NCL/Div4a/AD3 vs. HKF3"]
[Site "Telford ENG"]
[Date "2005.02.27"]
[Round "6.3"]
[White "Nixon, Peter"]
[Black "Keevil, Paul"]
[Result "1-0"]
[WhiteElo "1700"]
[BlackElo "1990"]
[PlyCount "65"]
[EventDate "2005.02.27"]
[SourceDate "2004.09.21"]

1. e4 c5 2. Bc4 e6 3. Nc3 Nc6 4. a3 a6 5. d3 b5 6. Ba2 Nd4 7. Nf3 Qf6 8. Nxd4
cxd4 9. Ne2 Bc5 10. O-O Bb7 11. b4 Bb6 12. Ng3 g6 13. Qg4 Rc8 14. Bb3 h6 15.
Qf4 Bc7 16. Qxf6 Nxf6 17. Re1 e5 18. Rf1 a5 19. Bd2 a4 20. Ba2 Bb8 21. Rac1 d5
22. f3 Bd6 23. Rf2 Kf8 24. Bb1 Kg7 25. h3 Bb8 26. Rcf1 Ba7 27. Re1 dxe4 28.
fxe4 h5 29. Ref1 Nxe4 30. Rxf7+ Kg8 31. Nxe4 Bxe4 32. Ba2 Bxd3 33. Rf8+ 1-0

[Event "4NCL/Div4a/AD3 vs. HKF3"]
[Site "Telford ENG"]
[Date "2005.02.27"]
[Round "6.4"]
[White "Parmar, Amisha"]
[Black "Jones, Simon A"]
[Result "1-0"]
[WhiteElo "1890"]
[BlackElo "1725"]
[PlyCount "71"]
[EventDate "2005.02.27"]
[SourceDate "2004.09.21"]

1. e4 e5 2. Nf3 d6 3. d4 exd4 4. Nxd4 Nf6 5. Nc3 Be7 6. Bc4 O-O 7. O-O c5 8.
Nde2 Nc6 9. Nf4 Bd7 10. Nfd5 Ne5 11. Be2 a6 12. Nxf6+ Bxf6 13. Qxd6 Re8 14.
Qxc5 Rc8 15. Qd5 Qe7 16. f4 Bc6 17. Qd2 Red8 18. Qe1 Qc5+ 19. Kh1 Nd7 20. e5
Be7 21. Bf3 Nf8 22. Qg3 Bb5 23. Nxb5 Qxb5 24. Be3 Rxc2 25. f5 f6 26. Bh6 g5 27.
fxg6 Nxg6 28. Be4 Qe8 29. Bxc2 Kh8 30. exf6 Bd6 31. Bg7+ Kg8 32. Bb3+ Qf7 33.
Bxf7+ Kxf7 34. Qb3+ Ke8 35. Qe6+ Ne7 36. f7# 1-0

[Event "4NCL/Div4a/AD3 vs. HKF3"]
[Site "Telford ENG"]
[Date "2005.02.27"]
[Round "6.5"]
[White "McIntosh, Doreen"]
[Black "Foord, Dominic"]
[Result "0-1"]
[WhiteElo "1690"]
[BlackElo "1805"]
[PlyCount "80"]
[EventDate "2005.02.27"]
[SourceDate "2004.09.21"]

1. d4 f5 2. Nf3 Nf6 3. e3 e6 4. g3 Be7 5. Bg2 O-O 6. O-O d6 7. c4 a5 8. Nc3 Ne4
9. Qc2 Nxc3 10. Qxc3 Bf6 11. Qb3 a4 12. Qd3 Nc6 13. a3 Na5 14. Nd2 Qe8 15. Rb1
e5 16. b4 axb3 17. Nxb3 c6 18. e4 Qg6 19. Bd2 Nxb3 20. Rxb3 exd4 21. f4 Re8 22.
Re1 Ra6 23. e5 dxe5 24. fxe5 Bxe5 25. Bxc6 Qxc6 26. Rxe5 Rxe5 27. Qxd4 Qc5 28.
Qxc5 Rxc5 29. Bf4 Ra8 30. Rc3 Ra4 31. Bd6 Rcxc4 32. Re3 h6 33. Re7 Re4 34. Rc7
Rac4 35. Kf2 Rxc7 36. Bxc7 Kf7 37. Kf3 Ke6 38. g4 Rxg4 39. Bf4 Rxf4+ 40. Kxf4
g5+ 0-1

[Event "4NCL/Div4a/AD3 vs. HKF3"]
[Site "Telford ENG"]
[Date "2005.02.27"]
[Round "6.6"]
[White "Dines, Sheila"]
[Black "Moore, Kevin J"]
[Result "1-0"]
[WhiteElo "1760"]
[BlackElo "1655"]
[PlyCount "171"]
[EventDate "2005.02.27"]
[SourceDate "2004.09.21"]

1. e4 d5 2. exd5 Qxd5 3. Nc3 Qa5 4. h3 Bf5 5. Nf3 e6 6. a3 Nf6 7. Bc4 c6 8. d3
Be7 9. Bf4 O-O 10. O-O Nbd7 11. Qd2 Rfe8 12. Rfe1 Bf8 13. Re2 Nd5 14. Bxd5 cxd5
15. Rae1 Rac8 16. Nd4 Bg6 17. Nb3 Qd8 18. Nxd5 Nf6 19. Nxf6+ Qxf6 20. Be5 Qd8
21. Qa5 Bc5 22. Qxd8 Rexd8 23. Nxc5 Rxc5 24. Bc3 h6 25. Re5 Rc6 26. Rb5 b6 27.
a4 f6 28. a5 Be8 29. Rb3 b5 30. Rc1 e5 31. Bb4 a6 32. Rc3 Rdc8 33. Rxc6 Rxc6
34. c3 Bg6 35. Rd1 Kf7 36. d4 exd4 37. Rxd4 Ke8 38. Kf1 Bf7 39. g3 Bc4+ 40. Kg2
Re6 41. Rd6 Rxd6 42. Bxd6 Kf7 43. Kf3 f5 44. Ke3 g6 45. Kd4 Be6 46. Kc5 Bc8 47.
c4 bxc4 48. Kxc4 Ke6 49. Kc5 Kd7 50. Bb8 Bb7 51. b4 Kc8 52. Be5 Ba8 53. Kb6 Bb7
54. b5 axb5 55. Kxb5 Bg2 56. h4 Kb7 57. Bg7 h5 58. a6+ Ka7 59. Bd4+ Kb8 60. a7+
Kb7 61. Kc5 Kc7 62. Be5+ Kd7 63. Kd4 Ke6 64. Bf4 Bd5 65. Ke3 Be4 66. f3 Bd5 67.
Bb8 Bc6 68. Kf4 Kf6 69. Ke3 Ke6 70. f4 Kd5 71. Kd3 Ba8 72. Kc3 Kc5 73. Be5 Bd5
74. Bd4+ Kb5 75. Be3 Bb7 76. Kd4 Kc6 77. Ke5 Kd7 78. Kf6 Be4 79. Kxg6 Ke7 80.
Kxh5 Kf7 81. Kg5 Kg7 82. h5 Kh7 83. h6 Kh8 84. Kg6 Kg8 85. h7+ Kh8 86. Bd4# 1-0